000
00305nam a2200121Ia 4500
008
220204s9999 xx 000 0 und d
082
_a
065
_b
RUS
100
_a
Rustomji, M K
245
0
_a
Getting along better with people
260
_a
Bombay
_b
India Book House
_c
1973
650
_a
Management
942
_c
BK
999
_c
31082
_d
31082